| 000 | 00863nam a2200313Ia 4500 | ||
|---|---|---|---|
| 008 | 160803s9999 xx 000 0 und d | ||
| 020 | _a0 531241106 | ||
| 100 | _aMaloy, Jackie | ||
| 245 | 4 | _aThe ancient Maya / | |
| 245 | _cJackie Maloy. | ||
| 260 | _aNew York : | ||
| 260 | _bScholastic Inc. | ||
| 260 | _c2010 | ||
| 300 | _a48 pages : | ||
| 300 | _bcolor illustrations, color maps ; | ||
| 300 | _c22 cm. | ||
| 440 | _aTrue book. | ||
| 650 | _aCentral America -- Civilization -- | ||
| 650 | _aCivilization, Ancient -- | ||
| 650 | _aMayas -- | ||
| 650 | _aMayas -- Social life and customs -- | ||
| 650 | _aMexico -- Civilization -- | ||
| 650 | _xJuvenile literature. | ||
| 650 | _xJuvenile literature. | ||
| 650 | _xJuvenile literature. | ||
| 650 | _xJuvenile literature. | ||
| 650 | _xJuvenile literature. | ||
| 700 | _a960 | ||
| 999 |
_c299172 _d299172 |
||